Précis de littérature française (notice n° 2197818)
[ vue normale ]
| 000 -LEADER | |
|---|---|
| fixed length control field | 01154cam a2200181 4500500 |
| 005 - DATE AND TIME OF LATEST TRANSACTION | |
| control field | 20260405085451.0 |
| 041 ## - LANGUAGE CODE | |
| Language code of text/sound track or separate title | fre |
| 042 ## - AUTHENTICATION CODE | |
| Authentication code | dc |
| 100 10 - MAIN ENTRY--PERSONAL NAME | |
| Personal name | Bergez, Daniel |
| Relator term | author |
| 245 00 - TITLE STATEMENT | |
| Title | Précis de littérature française |
| 260 ## - PUBLICATION, DISTRIBUTION, ETC. | |
| Name of publisher, distributor, etc. | Armand Colin,<br/> |
| Date of publication, distribution, etc. | 2023.<br/> |
| 520 ## - SUMMARY, ETC. | |
| Summary, etc. | Ce précis offre un panorama détaillé de la littérature française du Moyen Âge à nos jours. Destiné aux étudiants et enseignants, et à tous ceux qui préparent des concours et examens, il rassemble les principales connaissances utiles sur les auteurs, les œuvres et les grands courants. Chaque siècle fait l'objet d'une présentation du contexte historique et idéologique dans lequel s'inscrit l'évolution des formes et des genres. Des notices séparées sont consacrées aux mouvements littéraires majeurs : la Pléiade, le romantisme, le surréalisme, etc. |
| 700 10 - ADDED ENTRY--PERSONAL NAME | |
| Personal name | Lauvergnat-Gagnière, Christiane |
| Relator term | author |
| 700 10 - ADDED ENTRY--PERSONAL NAME | |
| Personal name | Paupert, Anne |
| Relator term | author |
| 700 10 - ADDED ENTRY--PERSONAL NAME | |
| Personal name | Stalloni, Yves |
| Relator term | author |
| 700 10 - ADDED ENTRY--PERSONAL NAME | |
| Personal name | Vannier, Gilles |
| Relator term | author |
| 856 41 - ELECTRONIC LOCATION AND ACCESS | |
| Uniform Resource Identifier | <a href="https://shs.cairn.info/precis-de-litterature-francaise--9782200635695?lang=fr&redirect-ssocas=7080">https://shs.cairn.info/precis-de-litterature-francaise--9782200635695?lang=fr&redirect-ssocas=7080</a> |
Pas d'exemplaire disponible.




Réseaux sociaux